| 000 | 00831nam a22002175i 4500 | ||
|---|---|---|---|
| 001 | 152535 | ||
| 003 | ES-MaACL | ||
| 005 | 20230906204802.0 | ||
| 008 | 020821s1892 fr |||| | fre d | ||
| 040 |
_aCCPB | B _bspa _cCCPB | B |
||
| 100 | 1 |
_aBourdon, B. _930969 |
|
| 245 | 1 | 2 |
_aL'expression des émotions & des tendances dans le langage / _cpar B. Bourdon. |
| 260 |
_aParis : _bancienne Librairie Germer Baillière et C\pie\s Félix Alcan, éditeur, _c1892. |
||
| 300 |
_a374 p. ; _c22 cm. |
||
| 490 | 1 | _aBibliothèque de philosophie contemporaine | |
| 650 | 4 |
_aPsicolingüística. _916539 |
|
| 752 |
_aFrancia - _dParís |
||
| 830 | 0 |
_aBibliothèque de philosophie contemporaine _9181027 |
|
| 852 |
_aES-MaACL _jB-6220 _z-- Enc. hol. _x-- Edic.: En colofón consta el imp.: Rennes : Alph. le Roy |
||
| 999 |
_c152535 _d152535 |
||